|
|
|
|
| LEADER |
01716nam a2200409 a 4500 |
| 001 |
EBC3050757 |
| 003 |
MiAaPQ |
| 005 |
20200520144314.0 |
| 006 |
m o d | |
| 007 |
cr cn||||||||| |
| 008 |
010425s2001 dcua sb i100 0 eng |
| 010 |
|
|
|z 2001026282
|
| 020 |
|
|
|z 0821348140
|
| 035 |
|
|
|a (MiAaPQ)EBC3050757
|
| 035 |
|
|
|a (Au-PeEL)EBL3050757
|
| 035 |
|
|
|a (CaPaEBR)ebr10070374
|
| 035 |
|
|
|a (CaONFJC)MIL8461
|
| 035 |
|
|
|a (OCoLC)813538096
|
| 040 |
|
|
|a MiAaPQ
|c MiAaPQ
|d MiAaPQ
|
| 050 |
|
4 |
|a HG186.A2
|b F573 2001
|
| 082 |
0 |
4 |
|a 332/.094
|2 21
|
| 245 |
0 |
0 |
|a Financial transition in Europe and Central Asia
|h [electronic resource] :
|b challenges of the new decade /
|c edited by Alexander Fleming, Lajos Bokros, Cari Votava.
|
| 260 |
|
|
|a Washington, D.C. :
|b World Bank,
|c c2001.
|
| 300 |
|
|
|a xix, 274 p. :
|b ill.
|
| 500 |
|
|
|a Based on two seminars and a conference in respectively Prague and Benesov in the Czech Republic at the time of the World Bank-International Monetary Fund annual meetings in Sept. 2000.
|
| 504 |
|
|
|a Includes bibliographical references.
|
| 533 |
|
|
|a Electronic reproduction. Ann Arbor, MI : ProQuest, 2015. Available via World Wide Web. Access may be limited to ProQuest affiliated libraries.
|
| 650 |
|
0 |
|a Finance
|z Europe
|v Congresses.
|
| 650 |
|
0 |
|a Finance
|z Asia, Central
|v Congresses.
|
| 650 |
|
0 |
|a Banks and banking
|z Europe
|v Congresses.
|
| 650 |
|
0 |
|a Banks and banking
|z Asia, Central
|v Congresses.
|
| 655 |
|
4 |
|a Electronic books.
|
| 700 |
1 |
|
|a Fleming, Alexander.
|
| 700 |
1 |
|
|a Bokros, Lajos.
|
| 700 |
1 |
|
|a Votava, Cari,
|d 1957-
|
| 710 |
2 |
|
|a ProQuest (Firm)
|
| 856 |
4 |
0 |
|u https://ebookcentral.proquest.com/lib/matrademy/detail.action?docID=3050757
|z Click to View
|